| 000 | 00652cam a2200241 4500 | ||
|---|---|---|---|
| 001 | J99572 | ||
| 008 | 000000n1999 000 0 eng u | ||
| 035 | _a(Sirsi) u100143 | ||
| 050 | _a332.6324 | ||
| 110 |
_aHealey and Baker _91907 |
||
| 245 | _aQuarterly market report. - June 1999 - Winter 1999/2000 | ||
| 260 |
_aLondon _bHealey and Baker _c1999 |
||
| 300 | _a3pt ; 30cm. | ||
| 650 | _aPROPERTY-COMMERCIAL PROPERTY | ||
| 650 | _aINDUSTRIAL PROPERTY | ||
| 650 | _aOFFICES | ||
| 650 | _aPROPERTY INVESTMENT | ||
| 650 | _aRETAIL PROPERTY | ||
| 650 | _aSHOPS | ||
| 650 | _aYIELDS | ||
| 690 | _aPROPERTY-COMMERCIAL PROPERTY | ||
| 942 | _n0 | ||
| 999 |
_c99619 _d99619 |
||